Software Engineering (Record no. 5008)
[ view plain ]
| 000 -LEADER | |
|---|---|
| fixed length control field | 00356nam a2200157Ia 4500 |
| 003 - CONTROL NUMBER IDENTIFIER | |
| control field | OSt |
| 005 - DATE AND TIME OF LATEST TRANSACTION | |
| control field | 20240220095805.0 |
| 008 - FIXED-LENGTH DATA ELEMENTS--GENERAL INFORMATION | |
| fixed length control field | 170524s9999 xx 000 0 und d |
| 020 ## - INTERNATIONAL STANDARD BOOK NUMBER | |
| International Standard Book Number | 978-8126523115 |
| 040 ## - CATALOGING SOURCE | |
| Transcribing agency | IIMT UNIVERSITY MEERUT |
| 100 ## - MAIN ENTRY--PERSONAL NAME | |
| Personal name | Salate Pankaj |
| 245 #0 - TITLE STATEMENT | |
| Title | Software Engineering |
| 260 ## - PUBLICATION, DISTRIBUTION, ETC. | |
| Name of publisher, distributor, etc. | Darosa |
| 260 ## - PUBLICATION, DISTRIBUTION, ETC. | |
| Date of publication, distribution, etc. | 2008 |
| 942 ## - ADDED ENTRY ELEMENTS (KOHA) | |
| Source of classification or shelving scheme | |
| Koha item type | Book Bank |
| Withdrawn status | Lost status | Source of classification or shelving scheme | Damaged status | Not for loan | Home library | Current library | Date acquired | Total Checkouts | Barcode | Date last seen | Date last checked out | Uniform Resource Identifier | Price effective from | Koha item type |
|---|---|---|---|---|---|---|---|---|---|---|---|---|---|---|
| IIMT University Central Library Meerut | IIMT University Central Library Meerut | 05/31/2017 | 1 | 01-B-42342 | 06/21/2019 | 02/19/2019 | SOFTWARE ENGINEERING | 05/31/2017 | Book Bank | |||||
| IIMT University Central Library Meerut | IIMT University Central Library Meerut | 05/31/2017 | 1 | 01-B-42343 | 03/12/2020 | 03/13/2019 | SOFTWARE ENGINEERING | 05/31/2017 | Book Bank | |||||
| IIMT University Central Library Meerut | IIMT University Central Library Meerut | 05/31/2017 | 2 | 01-B-42344 | 06/12/2019 | 02/15/2019 | SOFTWARE ENGINEERING | 05/31/2017 | Book Bank | |||||
| IIMT University Central Library Meerut | IIMT University Central Library Meerut | 05/31/2017 | 1 | 01-B-42345 | 06/08/2019 | 04/16/2019 | SOFTWARE ENGINEERING | 05/31/2017 | Book Bank | |||||
| IIMT University Central Library Meerut | IIMT University Central Library Meerut | 05/31/2017 | 2 | 01-B-42346 | 06/11/2019 | 02/09/2019 | SOFTWARE ENGINEERING | 05/31/2017 | Book Bank | |||||
| IIMT University Central Library Meerut | IIMT University Central Library Meerut | 05/31/2017 | 3 | 01-B-42347 | 06/11/2019 | 02/19/2019 | SOFTWARE ENGINEERING | 05/31/2017 | Book Bank | |||||
| IIMT University Central Library Meerut | IIMT University Central Library Meerut | 05/31/2017 | 1 | 01-B-42348 | 03/12/2020 | 04/04/2019 | SOFTWARE ENGINEERING | 05/31/2017 | Book Bank | |||||
| IIMT University Central Library Meerut | IIMT University Central Library Meerut | 05/31/2017 | 2 | 01-B-42349 | 05/30/2019 | 05/03/2019 | SOFTWARE ENGINEERING | 05/31/2017 | Book Bank | |||||
| IIMT University Central Library Meerut | IIMT University Central Library Meerut | 05/31/2017 | 1 | 01-B-42350 | 08/22/2019 | 04/10/2019 | SOFTWARE ENGINEERING | 05/31/2017 | Book Bank |

